Sequence of Countries that left USA to form CSA - Statistics

General Stats
  • This quiz has been taken 38 times
  • The average score is 9 of 11
Answer Stats
Date of Secession Answer % Correct
December 20, 1860 South Carolina
97%
January 9, 1861 Mississippi
86%
January 11, 1861 Alabama
83%
January 10, 1861 Florida
80%
January 19, 1861 Georgia
77%
February 1, 1861 Texas
77%
June 8, 1861 Tennessee
74%
January 26, 1861 Louisiana
71%
May 20, 1861 North Carolina
71%
April 17, 1861 Virginia
71%
May 6, 1861 Arkansas
69%
No matching quizzes found
Score Distribution
Percent of People with Each Score
Percentile by Number Answered
Your Score History
You have not taken this quiz